La religion romaine antique: les éléments pré-romains. L'action des Dieux. Présages et vaticinations. Les apports grecs et orientaux. Les oracles. La voix du peuple. Le culte solaire. L'avènement du christianisme

Gespeichert in:
Bibliographische Detailangaben
1. Verfasser: Altheim, Franz (VerfasserIn)
Format: Buch
Sprache:Französisch
Veröffentlicht: París Payot 1955
Schriftenreihe:Bibliothèque Historique
Schlagworte:
Tags: Tag hinzufügen
Keine Tags, Fügen Sie den ersten Tag hinzu!

MARC

LEADER 00000nam a2200000 a 4500
001 UCZ3292
003 CL-VaPUC
008 951020e19550000FR |||||||||||||||||fre|d
082 0 4 |a 937  |b ALT  |2 21 
100 0 |a Altheim, Franz  |e author  |9 347066 
245 1 3 |a La religion romaine antique: les éléments pré-romains. L'action des Dieux. Présages et vaticinations. Les apports grecs et orientaux. Les oracles. La voix du peuple. Le culte solaire. L'avènement du christianisme 
300 |a 331 p 
942 |c BK 
945 |d 19951020 00:00:00  |a cmena 
260 |a París  |b Payot  |c 1955 
600 0 |a Dios  |9 314467 
650 0 |a Religión   |9 255164 
650 7 |a DOCTRINAS RELIGIOSAS  |2 CL-VaPUC  |9 337177 
650 0 |a Cristianismo  |9 257361 
650 0 |a Historia  |9 255047 
651 0 |a Roma   |9 255106 
583 |a last modification  |c 19951020 00:00:00  |k Rodrigo Vera 
490 0 |a Bibliothèque Historique 
999 |c 239782  |d 239780 
952 |0 0  |1 0  |4 0  |6 937_000000000000000_ALT_1955  |7 0  |8 P  |9 251171  |a BIBEDU  |b BIBEDU  |c BIBEDU_PB  |d 2019-11-18  |i 1585088  |o 937 ALT 1955  |p 1585088  |r 2024-01-25  |w 2019-11-18  |y BK  |k FIL